| 000 | 00946nam a22002657a 4500 | ||
|---|---|---|---|
| 001 | 8750 | ||
| 003 | FISKH | ||
| 005 | 20251016151344.0 | ||
| 008 | 251016b cb ||||| |||| 00| 0 eng d | ||
| 020 | _a9780194234245 | ||
| 040 |
_aFISKH _beng _cFISKH _dFISKH |
||
| 050 | _aPE1126.A4 B873 | ||
| 082 | _a428.6 | ||
| 100 |
_aBurrows, Phillip _eAuthor |
||
| 245 |
_aOrca / _cPhillip Burrows and Mark Foster |
||
| 260 |
_aNew York : _bOxford University , _c2004 |
||
| 300 |
_a40 pages : _bcolor illustrations ; _c20 cm |
||
| 505 | _aE | ||
| 520 | _aWhen Tonya and her friends decide to sail around the world they want to see exciting things and visit exciting places.But one day, they meet an orca - a killer whale - one of the most dangerous animals in the sea. And life gets a little too exciting. | ||
| 521 | 8 |
_a310
_bLexile |
|
| 521 | 8 |
_aE
_bRaz-Plus |
|
| 650 |
_aBeginner _vEasy reading |
||
| 942 |
_2ddc _cBK _n0 |
||
| 999 |
_c8750 _d8750 |
||